Territorio y función: la evolución de la planificación regional

Guardat en:
Dades bibliogràfiques
Autors principals: Friedmann, John (Autor), Weaver, Clyde (Autor)
Format: Llibre
Idioma:espanyol
Publicat: Madrid Instituto de Estudios de Administración Local 1981
Col·lecció:Colección Nuevo Urbanismo, 33
Matèries:
Etiquetes: Afegir etiqueta
Sense etiquetes, Sigues el primer a etiquetar aquest registre!

MARC

LEADER 00000nam a2200000 a 4500
001 UCO4413
003 CL-VaPUC
008 000804e19810000SP |||||||||||||||||spa|d
082 0 4 |a 307.76  |b FRI  |2 21 
100 0 |a Friedmann, John  |e author  |9 448905 
700 0 |a Weaver, Clyde  |e author  |9 448906 
245 1 0 |a Territorio y función: la evolución de la planificación regional 
300 |a 334 p 
942 |c BK 
945 |d 20000804 00:00:00  |a vberengu 
260 |a Madrid  |b Instituto de Estudios de Administración Local  |c 1981 
650 0 |a Planificación regional   |9 257050 
650 0 |a Sociología urbana  |9 268099 
650 0 |a Urbanismo  |9 255208 
583 |a last modification  |c 20000804 00:00:00  |k Rodrigo Vera 
490 0 |a Colección Nuevo Urbanismo, 33 
999 |c 290456  |d 290454 
952 |0 0  |1 0  |4 0  |6 307_760000000000000_FRI_1981  |7 0  |8 A  |9 339892  |a BIBING  |b BIBING  |d 2019-11-20  |i 3638197  |o 307.76 FRI 1981  |p 3638197  |r 2025-01-20  |w 2019-11-20  |y BK  |k GEO